Loading...
| Literature - European | 0 | 3 | 0 | 0 | 30 | 96 | 118.33 | 0 | 0 | 4.63 | 14.17 |
| History - European | 0 | 2 | 0 | 2 | 20 | 117 | 122.50 | 0 | 0 | 0.00 | 1.67 |
| History - Other | 0 | 2 | 0 | 0 | 20 | 103 | 107.00 | 0 | 0 | 4.15 | 5.83 |
| Science - Chemistry | 0 | 2 | 0 | 0 | 20 | 103 | 109.50 | 0 | 0 | 2.14 | 5.83 |
| Mythology | 0 | 1 | 0 | 0 | 10 | 97 | 97.00 | 0 | 0 | 2.24 | 5.00 |
| History - American | 0 | 1 | 0 | 0 | 10 | 21 | 21.00 | 0 | 1 | 8.42 | 8.33 |
| Science - Biology | 0 | 1 | 0 | 0 | 10 | 87 | 87.00 | 0 | 0 | 2.37 | 2.50 |
| Religion | 0 | 1 | 0 | 0 | 10 | 119 | 119.00 | 0 | 0 | 0.00 | 0.83 |
| Fine Arts - Painting and Sculpture | 0 | 1 | 0 | 0 | 10 | 103 | 103.00 | 0 | 0 | 1.69 | 3.33 |
| Literature - British | 0 | 1 | 0 | 0 | 10 | 72 | 72.00 | 0 | 0 | 4.24 | 2.50 |
| Geography | 0 | 1 | 0 | 0 | 10 | 102 | 102.00 | 0 | 0 | 11.07 | 33.33 |
| Science - Other | 0 | 1 | 1 | 1 | 5 | 98 | 98.00 | 0 | 0 | 1.25 | 6.67 |
| Literature - World | 0 | 1 | 1 | 0 | 5 | 114 | 114.00 | 0 | 0 | 1.56 | 0.83 |
| Philosophy | 0 | 1 | 1 | 0 | 5 | 77 | 77.00 | 0 | 0 | 3.42 | 6.67 |